Television production / (Record no. 130280)
[ view plain ]
| 000 -LEADER | |
|---|---|
| fixed length control field | 00637nam a2200229Ii 4500 |
| 008 - FIXED-LENGTH DATA ELEMENTS--GENERAL INFORMATION | |
| fixed length control field | |
| 020 ## - INTERNATIONAL STANDARD BOOK NUMBER | |
| International Standard Book Number | 9781138841666 (pbk.) |
| 049 ## - LOCAL HOLDINGS (OCLC) | |
| Holding library | MAIN |
| 090 ## - LOCALLY ASSIGNED LC-TYPE CALL NUMBER (OCLC); LOCAL CALL NUMBER (RLIN) | |
| Classification number (OCLC) (R) ; Classification number, CALL (RLIN) (NR) | PN1992.75 |
| Local cutter number (OCLC) ; Book number/undivided call number, CALL (RLIN) | OWE |
| 003 - CONTROL NUMBER IDENTIFIER | |
| control field | |
| 005 - DATE AND TIME OF LATEST TRANSACTION | |
| control field | 20230123122237.0 |
| 040 ## - CATALOGING SOURCE | |
| Transcribing agency | NUST |
| 100 1# - MAIN ENTRY--PERSONAL NAME | |
| Personal name | Owens, Jim. |
| 245 10 - TITLE STATEMENT | |
| Title | Television production / |
| Statement of responsibility, etc. | Jim Owens |
| 250 ## - EDITION STATEMENT | |
| Edition statement | 16th edition |
| 260 ## - PUBLICATION, DISTRIBUTION, ETC. | |
| Place of publication, distribution, etc. | New York : |
| Name of publisher, distributor, etc. | Focal Press, |
| Date of publication, distribution, etc. | �2016 |
| 300 ## - PHYSICAL DESCRIPTION | |
| Extent | xix, 430 p. : |
| Other physical details | ill. ; |
| Dimensions | 29 cm |
| 500 ## - GENERAL NOTE | |
| General note | Includes index |
| 650 #0 - SUBJECT ADDED ENTRY--TOPICAL TERM | |
| Topical term or geographic name entry element | Television |
| General subdivision | Production and direction |
| 907 ## - LOCAL DATA ELEMENT G, LDG (RLIN) | |
| a | .b10377402 |
| b | 05-12-16 |
| c | 05-12-16 |
| 942 ## - ADDED ENTRY ELEMENTS (KOHA) | |
| Koha item type | Ordinary Loan Books |
| Call number prefix | PN1992.75 |
| Call number suffix | OWE |
| Date last seen | Total Checkouts | Full call number | Barcode | Cost, replacement price | Price effective from | Koha item type | Lost status | Source of classification or shelving scheme | Damaged status | Not for loan | Collection | Withdrawn status | Home library | Current library | Shelving location | Date acquired | Cost, normal purchase price |
|---|---|---|---|---|---|---|---|---|---|---|---|---|---|---|---|---|---|
| 01/23/2023 | 12 | PN1992.75 OWE | 92004041907 | 80.00 | 01/23/2023 | BOOKS | LCC | NFIC | MAIN | MAIN | GEN | 01/23/2023 | 80.00 |